| 000 | 00889cab a2200277 4500 | ||
|---|---|---|---|
| 001 | ABS50700 | ||
| 008 | 090401t1994 xxu||||| |||| 00| 0 eng d | ||
| 035 | _a(Sirsi) u11851 | ||
| 041 | _aeng | ||
| 100 | _aPollock, D. | ||
| 245 | 3 | _aAn industry view of MPG6 | |
| 260 | _c1994 | ||
| 350 | _a0 | ||
| 490 |
_aQuarry Management _vMay 1994, 5(1) |
||
| 520 | _aSummarises the main provisions of MPG6, policy guidance on aggregate extraction, tabulating guideline figures of supply and consumption. Concludes that, from the industry`s point of view, the policy `could have been worse`. | ||
| 650 | _aAGGREGATES | ||
| 650 | _aGRAVEL | ||
| 650 | _aMINERAL PLANNING | ||
| 650 | _aMINERALS PLANNING GUIDANCE NOTE SIX | ||
| 650 | _aSAND | ||
| 650 | _aSUPPLY AND DEMAND | ||
| 690 | _aMINING AND MINERALS | ||
| 690 | _aPLANNING LAW AND PRACTICE | ||
| 942 | _n0 | ||
| 948 | _c04/03/1997 | ||
| 999 |
_c7571 _d7571 |
||